000 00951cab a2200253 4500
001 ABS57923
008 090401t1997 xxu||||| |||| 00| 0 eng d
035 _a(Sirsi) u82065
041 _aeng
100 _aGriffiths, M.
245 _aAgenda 2000: Neither fish nor fowl?
260 _c1997
350 _a0
490 _aRural Property Bulletin
_vSeptember/October 1997, 15-19(5)
520 _aExamines in detail the Agenda 2000 document produced by the European Commission. Identifies key issues confronting the European Union; looking at plans for the Common Agricultural Policy (CAP) and outlining the likely effect on the European rural sector as a whole. Tabulates planned EU budget for agriculture 1999-2006.
650 _aAGENDA 2000
650 _aCAP REFORM
650 _aCOMMON AGRICULTURAL POLICY
650 _aENLARGEMENT
650 _aEUROPEAN UNION
690 _aEUROPE-SINGLE MARKET
942 _n0
948 _c13/11/1997
999 _c51758
_d51758